000 00245nam a2200097Ia 4500
001 1251912
005 20251031150924.0
008 251031s9999 xx 000 0 und d
245 0 _cEDA BAYRAK
_aN-5 SÜTÇÜ İMAM
260 _bYEDİVEREN YAYINLARI
999 _c1251912
_d1251912